000 01541nam a2200289 4500
001 139922
003 ES-MaACL
005 20251221185658.0
007 t|
008 070214s1929 gw r ||||1| ger d
100 1 _aSchmid, Wilhelm.
_9104455
245 1 0 _aGeschichte der griechischen Literatur /
_cVon W. Schmid ... und Otto Stèahlin.
260 _aMünchen :
_b[s. n.],
_c1929 (
_eNördlingen :
_fC. H. Beck)
300 _a2 t. en 4 v. ;
_c25 cm.
490 1 _aHandbuch der Altertumswissenschaft ;
_v7
500 _aBasado en: Geschichte der griechischen Litteratur / Wilhelm von Christ. - 6th ed. - 1912-1924 - 3 v.
500 _aContiene: t. I: Die klassische Periode der griechischen Literatur / von Wilhelm Schmid --- 1ª parte: Die griechischen Literatur vor der attischen Hegemonie --- 2ª parte: Die griechische Literatur in der Zeit der attischen Hegemonie vor dem Eingreifen der Sophistik ------- t. II: Die nachklassische Periode der griechischen Literatur / von Wilhelm von Christ.
700 1 _aStèahlin, Otto.
_9132938
700 0 _aChrist, Wilhelm von
_938643
740 0 _aDie klassische Periode der griechischen Literatur.
740 0 _aDie griechischen Literatur vor der attischen Hegemonie.
740 0 _aDie griechische Literatur in der Zeit der attischen Hegemonie vor dem Eingreifen der Sophistik.
740 0 _aDie nachklassische Periode der griechischen Literatur.
830 0 _aHandbuch der Altertumswissenschaft ;
_v7
_9184398
852 _aES-MaACL
_jF-15180-83
999 _c139922
_d139922